| 000 -LEADER |
| fixed length control field |
01812cam a22003857a 4500 |
| 001 - CONTROL NUMBER |
| control field |
14252258 |
| 005 - DATE AND TIME OF LATEST TRANSACTION |
| control field |
20170105102844.0 |
| 008 - FIXED-LENGTH DATA ELEMENTS--GENERAL INFORMATION |
| fixed length control field |
060202s2005 enkab b 000 0 eng d |
| 010 ## - LIBRARY OF CONGRESS CONTROL NUMBER |
| LC control number |
2006272236 |
| 020 ## - INTERNATIONAL STANDARD BOOK NUMBER |
| International Standard Book Number |
1844072266 |
| 035 ## - SYSTEM CONTROL NUMBER |
| System control number |
(OCoLC)ocm60786639 |
| 040 ## - CATALOGING SOURCE |
| Original cataloging agency |
BID |
| Transcribing agency |
BID |
| Modifying agency |
TXA |
| -- |
BAKER |
| -- |
IXA |
| -- |
TJC |
| -- |
DLC |
| 042 ## - AUTHENTICATION CODE |
| Authentication code |
lccopycat |
| 043 ## - GEOGRAPHIC AREA CODE |
| Geographic area code |
d------ |
| 050 00 - LIBRARY OF CONGRESS CALL NUMBER |
| Classification number |
RA644.M2 |
| Item number |
C56 2005 |
| 082 00 - DEWEY DECIMAL CLASSIFICATION NUMBER |
| Classification number |
362.19693620091724 |
| Edition number |
22 |
| 245 00 - TITLE STATEMENT |
| Title |
Coming to grips with malaria in the new millennium / |
| Statement of responsibility, etc. |
UN Millennium Project 2005, Task Force on HIV/AIDS, Malaria, TB, and Access to Essential Medicines, Working Group on Malaria ; Lead authors: Awash Teklehaimanot (Coordinator) ... [et. al.]. |
| 246 30 - VARYING FORM OF TITLE |
| Title proper/short title |
UN Millennium Project 2005 |
| 246 30 - VARYING FORM OF TITLE |
| Title proper/short title |
Task Force on HIV/AIDS, Malaria, TB, and Access to Essential Medicines |
| 246 30 - VARYING FORM OF TITLE |
| Title proper/short title |
Working Group on Malaria |
| 260 ## - PUBLICATION, DISTRIBUTION, ETC. |
| Place of publication, distribution, etc. |
London ; Sterling, Va. : |
| Name of publisher, distributor, etc. |
Earthscan, |
| Date of publication, distribution, etc. |
c2005. |
| 300 ## - PHYSICAL DESCRIPTION |
| Extent |
xvii, 129 p. : |
| Other physical details |
ill., maps ; |
| Dimensions |
26 cm. |
| 500 ## - GENERAL NOTE |
| General note |
Sponsored by the United Nations Development Programme on behalf of the UN Development Group. |
| 504 ## - BIBLIOGRAPHY, ETC. NOTE |
| Bibliography, etc. note |
Includes bibliographical references (p. [119]-129). |
| 538 ## - SYSTEM DETAILS NOTE |
| System details note |
Also available electronically on the World Wide Web. |
| 650 #0 - SUBJECT ADDED ENTRY--TOPICAL TERM |
| Topical term or geographic name entry element |
Malaria |
| Geographic subdivision |
Developing countries |
| General subdivision |
Prevention. |
| 650 #0 - SUBJECT ADDED ENTRY--TOPICAL TERM |
| Topical term or geographic name entry element |
Malaria |
| General subdivision |
Prevention |
| -- |
International cooperation. |
| 700 0# - ADDED ENTRY--PERSONAL NAME |
| Personal name |
Awash Teklehaimanot. |
| 710 2# - ADDED ENTRY--CORPORATE NAME |
| Corporate name or jurisdiction name as entry element |
UN Millennium Project. |
| Subordinate unit |
Working Group on Malaria. |
| 856 ## - ELECTRONIC LOCATION AND ACCESS |
| Uniform Resource Identifier |
<a href="http://unmillenniumproject.org/reports/tf%5Fmalaria.htm">http://unmillenniumproject.org/reports/tf%5Fmalaria.htm</a> |
| 856 42 - ELECTRONIC LOCATION AND ACCESS |
| Materials specified |
Contributor biographical information |
| Uniform Resource Identifier |
<a href="http://www.loc.gov/catdir/enhancements/fy1111/2006272236-b.html">http://www.loc.gov/catdir/enhancements/fy1111/2006272236-b.html</a> |
| 906 ## - LOCAL DATA ELEMENT F, LDF (RLIN) |
| a |
7 |
| b |
cbc |
| c |
copycat |
| d |
2 |
| e |
ncip |
| f |
20 |
| g |
y-gencatlg |
| 942 ## - ADDED ENTRY ELEMENTS (KOHA) |
| Source of classification or shelving scheme |
|
| Koha item type |
Book |